多摩市の町名 【漢字版】 - Statistics

General Stats
  • This quiz has been taken 42 times
  • The average score is 12 of 22
Answers on the Map
Answers color-coded by a green-red scale on the quiz's map according to % correct below.
 
Answer Stats
町名 % Correct
永山 (ながやま)
87%
桜ヶ丘 (さくらがおか)
81%
唐木田 (からきだ)
71%
豊ヶ丘 (とよがおか)
68%
関戸 (せきど)
65%
落合 (おちあい)
65%
和田 (わだ)
61%
百草 (もぐさ)
58%
連光寺 (れんこうじ)
58%
鶴牧 (つるまき)
58%
聖ヶ丘 (ひじりがおか)
55%
南野 (みなみの)
55%
貝取 (かいどり)
52%
乞田 (こった)
48%
馬引沢 (まひきざわ)
48%
愛宕 (あたご)
48%
一ノ宮 (いちのみや)
45%
諏訪 (すわ)
45%
中沢 (なかざわ)
39%
山王下 (さんのうした)
39%
落川 (おちかわ)
35%
東寺方 (ひがしてらがた)
29%
No matching quizzes found
Score Distribution
Percent of People with Each Score
Percentile by Number Answered
Your Score History
You have not taken this quiz